000 00370nam a2200157Ia 4500
008 210716s2005 xx 000 0 und d
041 _aeng
082 _a658 RAVN
100 _aRavi, N.
245 _aHindu speaks on management.
250 _a1
260 _aChennai
_bKasturi and Sons Ltd
_c2005
300 _avii,383
650 _aMANAGEMENT
700 _aRavi, N.
999 _c201670
_d201670